000
00233nam a2200097Ia 4500
008
120527s9999 xx 000 0 und d
100
_a
MADER, S.S
245
_a
Inquiry into life laboratory manual
260
_b
Publishing
942
_c
BK
999
_c
25580
_d
25580